1685 1545 1497 1173 1005 1194 1835 1463 1383 1065 1922 1387 1870 1479 1888 1667 1679 1580 1096 1683 1475 1980 1178 1073 1707 1071 1273 1441 1876 1058 1396 1335 1937 1250 1669 1135 1810 1454 1557 1549 1666 1892 1079 1082 1253 1718 1866 1725 1969 1835 1908 1783 1084 1705 1764 1905 1875 1369 1129 1909 1592 1032 1679 1259 1731 1286 1063 1355 1305 1788 1314 1498 1488 1143 1318 1000 1677 1367 1789 1003 1720 1158 1358 1931 1574 1732 1411 1077 1097 1517 1272 1326 1550 1304 1320 1859 1598 1823 1531 BCNSPRNW ULIB Ver.6.0+V

เปลี่ยนเป็นภาษาไทย

Change to English
 แสดงรายละเอียดบรรณานุกรม
  กลับหน้าหลัก

Brief Record : Get Marc (ISO 2709) : E-mail record : QR code < ปิดหน้าต่าง
LEADER : 00000nam 2200000uu 4500
001    13399114462
003     ULIB
008    110314s||||||||th 000 0 tha d
020    9789748230528
060 04 ^aW32.JT3^bฉ236บ
100 0  ฉัตรสุมน พฤฒิภิญโญ
245 10 บริหารกฎหมายการแพทย์และสาธารณสุข 2554 /^cฉัตรสุมน พฤฒิภิญโญ
250    พิมพ์ครั้งที่ 1
260    กรุงเทพฯ :^bภาควิชาบริหารสาธารณสุข คณะสาธารณสุขศาสตร์ มหาวิทยาลัยมหิดล,^c2554
300    xxi, 358 หน้า :^bภาพประกอบ ;^c27 ซม.
650  7 กฎหมายทางการแพทย^zไทย
650  7 การบริหารสาธารณสุข^zไทย
650  7 สาธารณสุข^xกฎหมายและระเบียบข้อบังคับ^zไทย
710 1  มหาวิทยาลัยมหิดล.^bคณะสาธารณสุขศาสตร์.^bภาควิชาบริหารสาธารณสุข.
945    ^p0^l0^i031586
995    ทศพร
999 ^a ใช้งานได้ทุกระบบ
รายการนี้ยังไม่มีแท็ก
คุณยังไม่ได้ล็อกอิน คุณสามารถมีกิจกรรมร่วมกับเว็บไซต์ได้ แต่ต้องล็อกอินก่อน ::
  ล็อกอิน

รายการสื่อสารสนเทศ

ลำดับที่ ประเภท เลขเรียก/บาร์โค้ด สถานที่ สถานะ
1. วิทยาศาสตร์การแพทย์ และสุขภาพ
หนังสือสำรอง
สถานะ=หนังสือสำรอง
W32.JT3 ฉ236บ ฉ.1 
  Barcode: 031586
ห้องสมุดวิทยาเขตสวรรค์ประชารักษ์
►ส่วนจัดเก็บหนังสือเก่า สปร
บนชั้น
  ขอยืม

รายการใกล้เคียง
    ผู้แต่ง [ฉัตรสุมน พฤฒิภิญโญ]

BibComment


ยังไม่เคยถูกคอมเมนท์

คอมเมนท์ทรัพยากรรายการนี้
  คอมเมนท์: บริหารกฎหมายการแพ..


 Copyright 2026. Bcnsprnw @Library